Online
Catalog

Las tumbas de Saint-Denis y otros relatos / (Record no. 42038)

MARC details
000 -CABECERA
campo de control de longitud fija 00697nam a2200217 a 4500
001 - NÚMERO DE CONTROL
campo de control 000042549
005 - FECHA Y HORA DE LA ÚLTIMA TRANSACCIÓN
campo de control 20201002040228.0
008 - DATOS DE LONGITUD FIJA--INFORMACIÓN GENERAL
campo de control de longitud fija 131211s2007 sp 000 0 spa d
020 ## - NÚMERO INTERNACIONAL ESTÁNDAR DEL LIBRO
Número Internacional Estándar del Libro 9788498156850
040 ## - FUENTE DE LA CATALOGACIÓN
Centro catalogador/agencia de origen DO-SdBNP
Lengua de catalogación spa
Centro/agencia transcriptor BNPHU
041 17 - CÓDIGO DE LENGUA
Código de lengua del texto/banda sonora o título independiente spa
Código de lengua original eng
082 ## - NÚMERO DE LA CLASIFICACIÓN DECIMAL DEWEY
Número de clasificación xxx
Número de documento/Ítem xxx
100 1# - ENTRADA PRINCIPAL--NOMBRE DE PERSONA
Nombre de persona Dumas, Alexandre,
Fechas asociadas al nombre 1802-1870.
9 (RLIN) 3715
240 10 - TÍTULO UNIFORME
Título uniforme Les tombeaux de Saint-Denis. les deux étudiants
245 14 - MENCIÓN DE TÍTULO
Título Las tumbas de Saint-Denis y otros relatos /
Mención de responsabilidad, etc. Alejandro Dumas ; traducción, Mauro Armiño.
260 ## - PUBLICACIÓN, DISTRIBUCIÓN, ETC.
Lugar de publicación, distribución, etc. Madrid :
Nombre del editor, distribuidor, etc. El País,
Fecha de publicación, distribución, etc. 2007.
300 ## - DESCRIPCIÓN FÍSICA
Extensión 79 p. ;
Dimensiones 19 cm.
490 1# - MENCIÓN DE SERIE
Mención de serie Relatos breves
Designación de volumen o secuencia 01
700 12 - PUNTO DE ACCESO ADICIONAL--NOMBRE DE PERSONA
Nombre de persona Armiño, Mauro
Término indicativo de función/relación tr.
9 (RLIN) 13314
830 #0 - PUNTO DE ACCESO ADICIONAL DE SERIE-TÍTULO UNIFORME
Título uniforme Relatos breves ;
Número de parte o sección de la obra 01
9 (RLIN) 69791
Holdings
Estado de retiro Estado de pérdida Restricciones de uso No para préstamo Código de colección Localización permanente Ubicación/localización actual Ubicación en estantería Fecha de adquisición Número de inventario Total de préstamos Signatura topográfica completa Código de barras Fecha visto por última vez Precio válido a partir de Tipo de ítem Koha
      Excluido de préstamo Monografías: Libros y Folletos General General En catalogación 11.12.2013 LF1   xxx xxx 42549-10 25.06.2020 25.06.2020 No se presta

Powered by Koha